[Event "4NCL Division 3n"]
[Site "Palace Hotel, Buxton ENG"]
[Date "2015.02.14"]
[Round "5.55"]
[White "Turner, John M"]
[Black "Dunn, Andrew c"]
[Result "1/2-1/2"]
[WhiteElo "2025"]
[BlackElo "2228"]
[PlyCount "51"]
[EventDate "2015.02.14"]
[WhiteTeam "Holmes Chapel"]
[BlackTeam "North East England 1"]

1. e4 c6 2. Nf3 d5 3. exd5 cxd5 4. Ne5 Nf6 5. d4 g6 6. Bd3 Bg7 7. O-O O-O 8. c3
Nc6 9. f4 Qb6 10. Kh1 Ne4 11. Nd2 Nxd2 12. Qxd2 Nxe5 13. fxe5 f6 14. exf6 Rxf6
15. Rxf6 exf6 16. Qf2 Be6 17. Bf4 Bf7 18. Re1 Bf8 19. Kg1 Qc6 20. Qd2 b5 21. a3
a5 22. Bh6 Bd6 23. Bf4 Bf8 24. Bh6 Bd6 25. Bf4 Bf8 26. Bh6 1/2-1/2

[Event "4NCL Division 3n"]
[Site "Palace Hotel, Buxton ENG"]
[Date "2015.02.14"]
[Round "5.56"]
[White "Dargan, Paul AG"]
[Black "Doran, Chris"]
[Result "1-0"]
[WhiteElo "2129"]
[BlackElo "2022"]
[PlyCount "41"]
[EventDate "2015.02.14"]
[WhiteTeam "North East England 1"]
[BlackTeam "Holmes Chapel"]

1. e4 c5 2. c3 g6 3. d4 cxd4 4. cxd4 d5 5. Nc3 dxe4 6. Bc4 Bg7 7. Qb3 e6 8. d5
exd5 9. Bxd5 Qe7 10. Bf4 Nc6 11. Nge2 Nf6 12. Rd1 Be6 13. Bxe6 fxe6 14. Bd6 Qf7
15. Nd4 Nxd4 16. Rxd4 Rd8 17. Nb5 Ng4 18. Rd2 Rd7 19. Qc4 Be5 20. Qc8+ Rd8 21.
Nc7+ 1-0

[Event "4NCL Division 3n"]
[Site "Palace Hotel, Buxton ENG"]
[Date "2015.02.14"]
[Round "5.57"]
[White "Clark, Robert G"]
[Black "Tavoularis, Nick"]
[Result "1/2-1/2"]
[WhiteElo "2008"]
[BlackElo "2132"]
[PlyCount "110"]
[EventDate "2015.02.14"]
[WhiteTeam "Holmes Chapel"]
[BlackTeam "North East England 1"]

1. e4 c5 2. Nf3 d6 3. Bb5+ Bd7 4. Bxd7+ Qxd7 5. O-O Nc6 6. c3 Nf6 7. Re1 e6 8.
d4 cxd4 9. cxd4 d5 10. e5 Ne4 11. Nbd2 Nxd2 12. Bxd2 Be7 13. Rc1 O-O 14. Rc3
Rfc8 15. h4 b5 16. g4 a5 17. Kg2 Qa7 18. Qc2 Qa6 19. Rc1 Na7 20. Qd3 Qb7 21.
Rxc8+ Nxc8 22. Qc2 b4 23. Bg5 Bf8 24. Bd8 Na7 25. Ng5 g6 26. Bf6 Rc8 27. Qd1
Rxc1 28. Qxc1 Qc6 29. Qf4 h6 30. Nf3 Qc2 31. h5 Nc6 32. g5 gxh5 33. Kh3 Qg6 34.
Kh4 a4 35. b3 axb3 36. axb3 Qe4 37. Qxe4 dxe4 38. Nd2 Nxd4 39. Kxh5 hxg5 40.
Kxg5 e3 41. fxe3 Nf5 42. e4 Bh6+ 43. Kh5 Bxd2 44. exf5 exf5 45. Bg5 f4 46. Kg4
f3 47. Bh4 Bc3 48. Kxf3 Bxe5 49. Ke4 Bc3 50. Kf5 Kf8 51. Bf2 Kg7 52. Bc5 f6 53.
Bd6 Kf7 54. Bc5 Ke8 55. Bxb4 Bxb4 1/2-1/2

[Event "4NCL Division 3n"]
[Site "Palace Hotel, Buxton ENG"]
[Date "2015.02.14"]
[Round "5.58"]
[White "Waters, Clive L"]
[Black "Bennett, Patrick"]
[Result "1-0"]
[WhiteElo "2137"]
[BlackElo "2024"]
[PlyCount "75"]
[EventDate "2015.02.14"]
[WhiteTeam "North East England 1"]
[BlackTeam "Holmes Chapel"]

1. d4 Nf6 2. c4 g6 3. Nc3 Bg7 4. e4 d6 5. Nf3 O-O 6. Be2 Nbd7 7. O-O e5 8. Be3
Re8 9. Qc2 exd4 10. Nxd4 Nc5 11. f3 a5 12. Rfd1 Nfd7 13. Qd2 Ne5 14. Kh1 Ne6
15. Ndb5 b6 16. f4 Nd7 17. Bf3 Bb7 18. Nd5 Bxd5 19. Qxd5 Nec5 20. e5 Rc8 21.
Na7 dxe5 22. Nxc8 Qxc8 23. Bg4 Nf6 24. Bxc8 Nxd5 25. Rxd5 Rxc8 26. Bxc5 bxc5
27. fxe5 Bf8 28. Rf1 Re8 29. g3 c6 30. Rd7 Re7 31. Rxe7 Bxe7 32. Kg2 Bd8 33.
Kf3 Kf8 34. Ke4 Ke8 35. Rf3 h5 36. a4 Bg5 37. Rb3 Bd8 38. Rb7 1-0

[Event "4NCL Division 3n"]
[Site "Palace Hotel, Buxton ENG"]
[Date "2015.02.14"]
[Round "5.59"]
[White "Lowick Higgie, Charles"]
[Black "Coathup, Roger H"]
[Result "0-1"]
[WhiteElo "1895"]
[BlackElo "2114"]
[PlyCount "118"]
[EventDate "2015.02.14"]
[WhiteTeam "Holmes Chapel"]
[BlackTeam "North East England 1"]

1. d4 Nf6 2. c4 g6 3. Nc3 Bg7 4. e4 d6 5. f3 O-O 6. Be3 c6 7. Bd3 a6 8. Nge2 b5
9. Qd2 Nbd7 10. b3 Qa5 11. a3 b4 12. Na2 Qxa3 13. Qxb4 Qxb4+ 14. Nxb4 c5 15.
Nc6 Re8 16. Ra3 cxd4 17. Bxd4 Nc5 18. Bxc5 dxc5 19. e5 Nd7 20. Be4 Nb6 21. Ra5
Bb7 22. Rxc5 Rac8 23. Ned4 f5 24. Bd5+ Nxd5 25. cxd5 Bxe5 26. Ne6 Bd6 27. Rc4
Kf7 28. Ng5+ Kg7 29. Kf2 e5 30. Re1 h6 31. Nh3 Rc7 32. g4 Kf6 33. gxf5 gxf5 34.
Rg1 Bxc6 35. dxc6 Rb8 36. Rd1 Ke6 37. Rh4 Bf8 38. Ra4 Rxc6 39. Rda1 Rbb6 40.
Ke2 Bc5 41. Nf2 Bd4 42. R1a2 Rxb3 43. Rxa6 Re3+ 44. Kd2 Rxa6 45. Rxa6+ Kd5 46.
f4 Rf3 47. Nd3 e4 48. Ra5+ Ke6 49. Ra6+ Kf7 50. Ne5+ Bxe5 51. fxe5 h5 52. Rh6
h4 53. Rxh4 Ke6 54. Ke2 Kxe5 55. Rh8 Ra3 56. Rh5 Ra2+ 57. Ke3 Rb2 58. h3 Ra2
59. h4 Rg2 0-1

[Event "4NCL Division 3n"]
[Site "Palace Hotel, Buxton ENG"]
[Date "2015.02.14"]
[Round "5.65"]
[White "Wallace, Paul A"]
[Black "Ackley, Peter J"]
[Result "1-0"]
[WhiteElo "2183"]
[BlackElo "2038"]
[PlyCount "107"]
[EventDate "2015.02.14"]
[WhiteTeam "Cheddleton 2"]
[BlackTeam "Spirit of Atticus B"]

1. e4 e6 2. d4 d5 3. Nd2 Be7 4. Bd3 c5 5. dxc5 Nf6 6. Qe2 a5 7. Ngf3 Na6 8. O-O
O-O 9. exd5 exd5 10. Nb3 a4 11. Nbd4 Nxc5 12. Bg5 h6 13. Bh4 Nfe4 14. Bxe7 Qxe7
15. Rfe1 Bg4 16. c4 Qf6 17. cxd5 Qxd4 18. Nxd4 Bxe2 19. Bxe4 Nxe4 20. Rxe2 Nf6
21. Re5 Ra5 22. Nf5 Rd8 23. Rd1 Rc5 24. Kf1 Kf8 25. Ne3 b5 26. a3 Rb8 27. Rd4
Nd7 28. Ree4 Nf6 29. Rf4 Rd8 30. Rf5 Rd6 31. Rdf4 Ke7 32. h4 g6 33. Re5+ Kf8
34. Ke2 Nd7 35. Ree4 Nf6 36. Re5 Nd7 37. Re6 Rcxd5 38. Nxd5 Rxe6+ 39. Ne3 Ke7
40. Rd4 Nb6 41. Kd3 Rd6 42. g4 Rxd4+ 43. Kxd4 Kd6 44. f4 Nc8 45. Nd5 Na7 46.
Nb4 f6 47. Ke4 Nc6 48. Nxc6 Kxc6 49. h5 gxh5 50. gxh5 Kd6 51. Kf5 Ke7 52. Kg6
Ke6 53. Kxh6 Kf7 54. f5 1-0

[Event "4NCL Division 3n"]
[Site "Palace Hotel, Buxton ENG"]
[Date "2015.02.14"]
[Round "5.66"]
[White "Johnson, Michael D"]
[Black "Acey, Gerald"]
[Result "0-1"]
[WhiteElo "2043"]
[BlackElo "2084"]
[PlyCount "128"]
[EventDate "2015.02.14"]
[WhiteTeam "Spirit of Atticus B"]
[BlackTeam "Cheddleton 2"]

1. Nf3 d5 2. g3 c5 3. Bg2 Nc6 4. d4 Nf6 5. O-O e6 6. c4 Be7 7. Nc3 O-O 8. cxd5
exd5 9. Bg5 c4 10. Ne5 Be6 11. e3 h6 12. Bxf6 Bxf6 13. Nxc6 bxc6 14. b3 cxb3
15. Qxb3 Qa5 16. Rfc1 Rab8 17. Qc2 Be7 18. Qa4 Qxa4 19. Nxa4 Rb4 20. Nc5 Bf5
21. Bf1 Rb6 22. Bd3 Bxd3 23. Nxd3 Rc8 24. Rc3 Bd6 25. Rac1 Kf8 26. Kf1 Ke7 27.
Ke2 Kd7 28. Kd1 f6 29. R1c2 Rcb8 30. Rc1 Ra6 31. R1c2 Rb1+ 32. Rc1 Rb5 33. R1c2
Ba3 34. Rb3 Rbb6 35. h4 Bd6 36. Rbb2 h5 37. f4 Rxb2 38. Rxb2 Rb6 39. Kc2 Ke6
40. Kd2 Kf5 41. Ke2 Rxb2+ 42. Nxb2 g5 43. Kf3 gxh4 44. gxh4 Bb4 45. Nd3 Bc3 46.
Nc5 Be1 47. Nb7 Ke6 48. Nc5+ Ke7 49. f5 Bxh4 50. Ne6 Bg5 51. Ng7 h4 52. e4
dxe4+ 53. Kxe4 h3 54. Kf3 Kd6 55. Kg3 Kd5 56. Ne6 Be3 57. Kxh3 Bxd4 58. Kg2 Ke4
59. Kf1 c5 60. Ng7 Kd3 61. Ke1 c4 62. Ne6 Be3 63. Nc7 c3 64. Nd5 Bd2+ 0-1

[Event "4NCL Division 3n"]
[Site "Palace Hotel, Buxton ENG"]
[Date "2015.02.14"]
[Round "5.67"]
[White "Richardson, Alex"]
[Black "Latham, David"]
[Result "1/2-1/2"]
[WhiteElo "2103"]
[BlackElo "2066"]
[PlyCount "102"]
[EventDate "2015.02.14"]
[WhiteTeam "Cheddleton 2"]
[BlackTeam "Spirit of Atticus B"]

1. c4 Nf6 2. g3 c5 3. Bg2 g6 4. Nc3 Bg7 5. Nf3 Nc6 6. d4 cxd4 7. Nxd4 O-O 8.
O-O d6 9. Nxc6 bxc6 10. Bxc6 Bh3 11. Bg2 Bxg2 12. Kxg2 Qc7 13. Qd3 Rac8 14. Be3
Qxc4 15. Rfd1 Qb4 16. Rd2 Ng4 17. Nd5 Qb7 18. Bg5 e6 19. Qf3 exd5 20. Qxg4 Rc4
21. Qf3 Rfc8 22. Rad1 Rc2 23. b3 h6 24. Bf4 Qa6 25. Qxd5 Qxa2 26. Bxd6 R8c3 27.
Rxc2 Rxc2 28. b4 Rxe2 29. Qxa2 Rxa2 30. Bc5 Bf6 31. Rd7 a6 32. Ra7 Ra1 33. Ra8+
Kh7 34. h4 Bc3 35. g4 Ra4 36. g5 hxg5 37. hxg5 Bxb4 38. Bd4 Bf8 39. Bf6 Bg7 40.
Ra7 Bxf6 41. gxf6 g5 42. Rxf7+ Kg6 43. Rf8 Rf4 44. f7 Rxf7 45. Ra8 Rf6 46. Kg3
Kf5 47. f3 Rb6 48. Rf8+ Rf6 49. Rc8 Kg6 50. Rc5 Rd6 51. Ra5 Rb6 1/2-1/2

[Event "4NCL Division 3n"]
[Site "Palace Hotel, Buxton ENG"]
[Date "2015.02.14"]
[Round "5.69"]
[White "Edwards, Simon R"]
[Black "Cooper, John G"]
[Result "1/2-1/2"]
[WhiteElo "1910"]
[BlackElo "2010"]
[PlyCount "51"]
[EventDate "2015.02.14"]
[WhiteTeam "Cheddleton 2"]
[BlackTeam "Spirit of Atticus B"]

1. e4 c5 2. Nf3 e6 3. d4 cxd4 4. Nxd4 Nc6 5. Be3 Nf6 6. Nc3 Bb4 7. Bd3 d5 8.
Nxc6 bxc6 9. e5 Nd7 10. Qg4 Bxc3+ 11. bxc3 Kf8 12. f4 Qa5 13. O-O f5 14. exf6
Nxf6 15. Qg5 Qxc3 16. Qe5 Qa3 17. Rab1 Qe7 18. Rb8 Rxb8 19. Qxb8 Kf7 20. Rb1 c5
21. Ba6 Nd7 22. Qxa7 d4 23. Bxc8 Rxc8 24. Rb7 Ke8 25. Bd2 Qd6 26. Kf2 1/2-1/2

[Event "4NCL Division 3n"]
[Site "Palace Hotel, Buxton ENG"]
[Date "2015.02.14"]
[Round "5.70"]
[White "Mort, Andrew J"]
[Black "Jamieson, Ian M"]
[Result "1/2-1/2"]
[WhiteElo "1961"]
[BlackElo "1952"]
[PlyCount "58"]
[EventDate "2015.02.14"]
[WhiteTeam "Spirit of Atticus B"]
[BlackTeam "Cheddleton 2"]

1. c4 b6 2. Nc3 Bb7 3. e4 e6 4. Nf3 Bb4 5. Bd3 Bxc3 6. dxc3 d6 7. O-O Nd7 8.
Re1 e5 9. Nd2 Ne7 10. Nf1 Ng6 11. Ng3 Ngf8 12. b4 Ne6 13. Nf5 g6 14. Ng3 h5 15.
Nf1 Qf6 16. Ne3 Qg7 17. c5 dxc5 18. Qa4 O-O 19. Nd5 Nb8 20. b5 Re8 21. Bc4 c6
22. Ne3 a6 23. bxa6 Nxa6 24. Bxe6 Rxe6 25. Qb3 b5 26. a4 Rb8 27. axb5 cxb5 28.
Nd5 Bc8 29. Bg5 Kh7 1/2-1/2

[Event "4NCL Division 3n"]
[Site "Palace Hotel, Buxton ENG"]
[Date "2015.02.14"]
[Round "5.75"]
[White "Collins, Richard.A"]
[Black "Thestrup, Sixten"]
[Result "0-1"]
[WhiteElo "1800"]
[BlackElo "2138"]
[PlyCount "56"]
[EventDate "2015.02.14"]
[WhiteTeam "Manchester Manticores 3"]
[BlackTeam "Manchester Manticores 1"]

1. d4 d6 2. e4 Nf6 3. Nc3 c6 4. h3 Qa5 5. Bd3 e5 6. Nf3 Be7 7. O-O O-O 8. a3
Nbd7 9. b4 Qc7 10. dxe5 dxe5 11. Qe2 a5 12. b5 Nc5 13. Bb2 Nh5 14. Bc1 Ne6 15.
Nh2 Nhf4 16. Bxf4 Nxf4 17. Qf3 Rd8 18. Rfd1 Be6 19. Ng4 Bc5 20. Ne2 Nxd3 21.
Rxd3 cxb5 22. Rc3 Bc4 23. Qf5 Bxe2 24. Nf6+ gxf6 25. Rg3+ Kf8 26. Qxf6 Ke8 27.
Qf5 Qd6 28. Qxh7 Qf6 0-1

[Event "4NCL Division 3n"]
[Site "Palace Hotel, Buxton ENG"]
[Date "2015.02.14"]
[Round "5.78"]
[White "Cawley, Paul.F"]
[Black "Hilton, Tim"]
[Result "1/2-1/2"]
[WhiteElo "2042"]
[BlackElo "1783"]
[PlyCount "104"]
[EventDate "2015.02.14"]
[WhiteTeam "Manchester Manticores 1"]
[BlackTeam "Manchester Manticores 3"]

1. d4 Nf6 2. Bf4 e6 3. e3 b6 4. Nf3 Bb7 5. Be2 c5 6. O-O cxd4 7. exd4 Be7 8. c4
d6 9. Nc3 O-O 10. Rc1 a6 11. a3 Nbd7 12. b4 Rc8 13. Re1 Re8 14. Qb3 Nf8 15. h3
Ng6 16. Bh2 Bf8 17. c5 Nh5 18. b5 dxc5 19. bxa6 Bxf3 20. Bxf3 Nhf4 21. Nb5 Qg5
22. Bg3 cxd4 23. Rxc8 Rxc8 24. Nxd4 Bc5 25. Bb7 Rd8 26. a7 Bxd4 27. a8=Q Rxa8
28. Bxa8 Qa5 29. Re4 Qxa8 30. Qf3 Nxh3+ 31. gxh3 Bc5 32. Re3 Qxf3 33. Rxf3 Ne7
34. Rb3 Nd5 35. Kf1 Kf8 36. Ke2 Ke7 37. Kd3 Bd6 38. Bxd6+ Kxd6 39. Kc4 Kc6 40.
a4 g6 41. Kd4 f6 42. h4 h6 43. Rg3 g5 44. hxg5 hxg5 45. Rh3 Kd6 46. Rh8 Kc6 47.
Rc8+ Kd7 48. Rf8 Ke7 49. Rb8 Kd6 50. Rd8+ Kc6 51. Rc8+ Kd7 52. Rb8 Kd6 1/2-1/2

[Event "4NCL Division 3n"]
[Site "Palace Hotel, Buxton ENG"]
[Date "2015.02.14"]
[Round "5.79"]
[White "Livesey, Nigel.R"]
[Black "Lopez, Pablo.G.J"]
[Result "0-1"]
[WhiteElo "1888"]
[BlackElo "1999"]
[PlyCount "76"]
[EventDate "2015.02.14"]
[WhiteTeam "Manchester Manticores 3"]
[BlackTeam "Manchester Manticores 1"]

1. c4 Nf6 2. g3 g6 3. Bg2 Bg7 4. Nc3 e5 5. e4 Nc6 6. Nge2 d6 7. d3 a6 8. h3 Rb8
9. Bg5 h6 10. Be3 O-O 11. Qd2 Kh7 12. O-O g5 13. g4 Ne7 14. Ng3 Ng6 15. Nf5
Bxf5 16. exf5 Nf4 17. d4 Nxg2 18. Kxg2 Nd7 19. Nd5 c6 20. Nc3 Qc7 21. Rh1 exd4
22. Bxd4 Ne5 23. b3 Rg8 24. f3 b5 25. cxb5 c5 26. Nd5 Qb7 27. Bc3 Nxf3 28. bxa6
Nh4+ 29. Kf2 Bxc3 30. Nf6+ Kh8 31. Qxc3 Qg2+ 32. Ke3 Qg3+ 33. Kd2 Nf3+ 34. Kd1
Qg2 35. Nd7+ Nd4 36. Re1 Rbe8 37. Rxe8 Rxe8 38. a4 Re1+ 0-1

[Event "4NCL Division 3n"]
[Site "Palace Hotel, Buxton ENG"]
[Date "2015.02.14"]
[Round "5.86"]
[White "Bramson, Mike"]
[Black "Kendall, Paul SN"]
[Result "1-0"]
[WhiteElo "1822"]
[BlackElo "2033"]
[PlyCount "67"]
[EventDate "2015.02.14"]
[WhiteTeam "Bradford DCA Knights C"]
[BlackTeam "North East England 2"]

1. e4 c5 2. Nf3 Nc6 3. Nc3 g6 4. Bc4 Bg7 5. d3 a6 6. a4 e6 7. O-O Nge7 8. Bg5
f6 9. Bf4 d5 10. exd5 exd5 11. Ba2 Be6 12. Re1 Bf7 13. Qd2 O-O 14. h3 Qd7 15.
Nh2 Nb4 16. Bb3 Nf5 17. Ng4 b5 18. Bh6 Nxh6 19. Nxh6+ Bxh6 20. Qxh6 c4 21. Qh4
Qd6 22. dxc4 bxc4 23. Rad1 Rae8 24. Rxe8 Rxe8 25. Bxc4 g5 26. Qd4 Nxc2 27. Qd2
Nb4 28. Nxd5 Nxd5 29. Bxd5 Qb6 30. Bxf7+ Kxf7 31. Qc2 Kf8 32. Qxh7 Qxb2 33.
Qh8+ Kf7 34. Rd7+ 1-0

[Event "4NCL Division 3n"]
[Site "Palace Hotel, Buxton ENG"]
[Date "2015.02.14"]
[Round "5.88"]
[White "Garcia Castro, Veronica"]
[Black "Dalton, Joseph"]
[Result "0-1"]
[WhiteElo "1740"]
[BlackElo "1754"]
[PlyCount "62"]
[EventDate "2015.02.14"]
[WhiteTeam "Bradford DCA Knights C"]
[BlackTeam "North East England 2"]

1. d4 g6 2. c4 Bg7 3. Nf3 c5 4. e3 cxd4 5. exd4 d5 6. Nc3 Nf6 7. h3 Nc6 8. Be2
O-O 9. O-O Bf5 10. a3 Rc8 11. c5 Ne4 12. Na2 b6 13. Ba6 Rb8 14. Bf4 e5 15. dxe5
bxc5 16. Qc1 Rb6 17. Be2 Re8 18. Rd1 Nxe5 19. Nxe5 Bxe5 20. Bxe5 Rxe5 21. Bf3
Qe7 22. Nc3 Nxc3 23. Qxc3 d4 24. Qd2 Be4 25. Bxe4 Rxe4 26. Rac1 Re2 27. Qa5
Rbxb2 28. Re1 Rbc2 29. Rb1 d3 30. Rf1 Qf6 31. Rbd1 Rxf2 0-1

[Event "4NCL Division 3n"]
[Site "Palace Hotel, Buxton ENG"]
[Date "2015.02.14"]
[Round "5.89"]
[White "Gazis, George"]
[Black "Grobler, David"]
[Result "1-0"]
[WhiteElo "1746"]
[BlackElo "1651"]
[PlyCount "71"]
[EventDate "2015.02.14"]
[WhiteTeam "North East England 2"]
[BlackTeam "Bradford DCA Knights C"]

1. e4 c5 2. Nf3 Nc6 3. c3 Nf6 4. e5 Nd5 5. d4 cxd4 6. cxd4 e6 7. Nc3 Nxc3 8.
bxc3 d6 9. exd6 Bxd6 10. Bd3 Qc7 11. O-O Bd7 12. Qe2 O-O-O 13. c4 Nxd4 14. Nxd4
Bxh2+ 15. Kh1 Be5 16. Bb2 Bf6 17. Nb5 Qf4 18. Bxf6 gxf6 19. Be4 f5 20. Bf3 Bxb5
21. cxb5 Rd2 22. Rfc1+ Kb8 23. Qe3 Qxe3 24. fxe3 e5 25. Rd1 Rhd8 26. a4 e4 27.
Bh5 f6 28. Kg1 Kc7 29. a5 b6 30. Rac1+ Kb7 31. a6+ Kb8 32. Kf1 Rxd1+ 33. Rxd1
Rxd1+ 34. Bxd1 Kc7 35. Kf2 Kd6 36. Kg3 1-0

[Event "4NCL Division 3n"]
[Site "Palace Hotel, Buxton ENG"]
[Date "2015.02.14"]
[Round "5.96"]
[White "White, Mark W"]
[Black "Boswell, Jacob C"]
[Result "1-0"]
[WhiteElo "2068"]
[BlackElo "1600"]
[PlyCount "73"]
[EventDate "2015.02.14"]
[WhiteTeam "Jorvik"]
[BlackTeam "Cheddleton 3"]

1. e4 e5 2. Bb5 c6 3. Ba4 Nf6 4. Nc3 b5 5. Bb3 a5 6. a3 Be7 7. Nf3 d6 8. h3 Ba6
9. d3 Nbd7 10. Be3 b4 11. axb4 axb4 12. Ne2 d5 13. exd5 cxd5 14. Ng3 O-O 15.
Nf5 Re8 16. O-O e4 17. N3d4 Ne5 18. Bf4 Ng6 19. Nc6 Qd7 20. Nfxe7+ Nxe7 21.
Nxb4 Bb5 22. c4 dxc4 23. dxc4 Qxd1 24. Rfxd1 Rxa1 25. Rxa1 Bd7 26. Nd5 Nexd5
27. cxd5 Bb5 28. Ra5 Bd3 29. Ba4 Rd8 30. Bc7 Rc8 31. d6 h6 32. Bc6 Kh7 33. b4
Kg6 34. b5 h5 35. b6 e3 36. fxe3 Bf5 37. b7 1-0

[Event "4NCL Division 3n"]
[Site "Palace Hotel, Buxton ENG"]
[Date "2015.02.14"]
[Round "5.189"]
[White "Lang, Adam R"]
[Black "Somerset, William"]
[Result "1-0"]
[WhiteElo "2128"]
[BlackElo "1979"]
[PlyCount "41"]
[EventDate "2015.02.14"]
[WhiteTeam "Bradford DCA Knights A"]
[BlackTeam "Bradford DCA Knights B"]

1. e4 c5 2. Nf3 Nc6 3. d4 cxd4 4. Nxd4 Nf6 5. Nc3 d6 6. Bc4 e6 7. Be3 Be7 8.
Qe2 O-O 9. O-O-O a6 10. Rhg1 Qc7 11. g4 Nd7 12. g5 Nc5 13. h4 b5 14. Nxc6 Qxc6
15. Nd5 Bd8 16. Qh5 Nxe4 17. Nf6+ Nxf6 18. gxf6 Bxf6 19. Bh6 Qxc4 20. Rxg7+ Kh8
21. Rxh7+ 1-0

[Event "4NCL Division 3n"]
[Site "Palace Hotel, Buxton ENG"]
[Date "2015.02.14"]
[Round "5.192"]
[White "McCarthy, Damian"]
[Black "Drabble, Andrew"]
[Result "0-1"]
[WhiteElo "1813"]
[BlackElo "2049"]
[PlyCount "84"]
[EventDate "2015.02.14"]
[WhiteTeam "Bradford DCA Knights B"]
[BlackTeam "Bradford DCA Knights A"]

1. e4 e6 2. d4 d5 3. Nc3 dxe4 4. Nxe4 Nd7 5. Bd3 Ngf6 6. Bg5 h6 7. Bxf6 Nxf6 8.
Nf3 Nxe4 9. Bxe4 c5 10. O-O cxd4 11. Qxd4 Qxd4 12. Nxd4 Bc5 13. Nb5 Ke7 14.
Rad1 Bd7 15. Nc3 Rac8 16. Bd3 a6 17. Ne4 Ba7 18. c3 Rhd8 19. Bc2 Bc6 20. Ng3
Bd5 21. a3 Rd7 22. Rd2 Rcd8 23. Rfd1 Bc6 24. Rxd7+ Rxd7 25. Rxd7+ Bxd7 26. Kf1
f5 27. h4 g6 28. Ne2 e5 29. f4 Kf6 30. g3 g5 31. hxg5+ hxg5 32. fxe5+ Kxe5 33.
Bd3 Be3 34. b3 Bc6 35. Ke1 Bg2 36. Nd4 f4 37. gxf4+ gxf4 38. Nc2 Bb6 39. Nb4 a5
40. Nc2 f3 41. Nd4 Bxd4 42. cxd4+ Kxd4 0-1

[Event "4NCL Division 3n"]
[Site "Palace Hotel, Buxton ENG"]
[Date "2015.02.14"]
[Round "5.195"]
[White "Nicholson, Jim WR"]
[Black "Patrick, David A"]
[Result "1-0"]
[WhiteElo "2032"]
[BlackElo "1890"]
[PlyCount "53"]
[EventDate "2015.02.14"]
[WhiteTeam "Bradford DCA Knights A"]
[BlackTeam "Bradford DCA Knights B"]

1. Nf3 Nf6 2. b3 d5 3. Bb2 Bf5 4. e3 h6 5. c4 e6 6. Nc3 c6 7. Be2 Nbd7 8. O-O
Be7 9. Rc1 O-O 10. d4 Re8 11. a3 a5 12. Na4 dxc4 13. bxc4 Nb6 14. Ne5 Nfd7 15.
f4 Nxe5 16. fxe5 Bg5 17. Rc3 Nxc4 18. Bxc4 b5 19. Bb3 bxa4 20. Bxa4 Rb8 21. Bc1
Be4 22. Qg4 Bf5 23. Qf3 Qd5 24. Qxd5 exd5 25. Rxf5 Rb1 26. Rf1 Rc8 27. e4 1-0

[Event "4NCL Division 3n"]
[Site "Palace Hotel, Buxton ENG"]
[Date "2015.02.14"]
[Round "5.191"]
[White "Slinger, AJ (Tony)"]
[Black "Hamer, Martyn"]
[Result "0-1"]
[WhiteElo "1955"]
[BlackElo "2026"]
[PlyCount "92"]
[EventDate "2015.02.14"]
[WhiteTeam "Bradford DCA Knights B"]
[BlackTeam "Manchester Manticores 2"]

1. d4 Nf6 2. c4 e6 3. Nc3 d5 4. cxd5 exd5 5. Bg5 c6 6. e3 Bf5 7. g4 Be6 8. Be2
Be7 9. h3 Ne4 10. Bxe7 Qxe7 11. Nf3 Nd7 12. Qc2 Nxc3 13. bxc3 c5 14. Rb1 b6 15.
Bb5 O-O 16. Bxd7 Bxd7 17. Ne5 cxd4 18. cxd4 Rac8 19. Qe2 Rc7 20. O-O Rfc8 21.
Rb2 f6 22. Nxd7 Qxd7 23. Rfb1 Rc1+ 24. Rxc1 Rxc1+ 25. Kg2 Qc6 26. Qd2 Qc4 27.
Qe2 Kf7 28. h4 Ke6 29. f4 Qxe2+ 30. Rxe2 f5 31. g5 Kd6 32. h5 Kc6 33. Rb2 b5
34. h6 g6 35. Kf2 a5 36. Ke2 b4 37. Kd2 Rc3 38. Rb3 Rxb3 39. axb3 Kb5 40. Kc2
a4 41. Kb2 Ka5 42. Ka2 axb3+ 43. Kb2 Ka4 44. Kb1 Kb5 45. Kc1 Kc4 46. Kb2 Kd3
0-1

[Event "4NCL Division 3n"]
[Site "Palace Hotel, Buxton ENG"]
[Date "2015.02.14"]
[Round "5.197"]
[White "Dean, Robert A"]
[Black "Burns, Martin"]
[Result "1/2-1/2"]
[WhiteElo "1852"]
[BlackElo "1878"]
[PlyCount "112"]
[EventDate "2015.02.14"]
[WhiteTeam "Bradford DCA Knights B"]
[BlackTeam "Manchester Manticores 2"]

1. e4 e6 2. d4 d5 3. Nd2 Nf6 4. e5 Nfd7 5. Bd3 c5 6. c3 Nc6 7. Ne2 Qb6 8. Nf3
Be7 9. O-O O-O 10. Re1 a6 11. Bb1 f5 12. exf6 Nxf6 13. Nf4 cxd4 14. Nxe6 Bxe6
15. Rxe6 dxc3 16. bxc3 Bc5 17. Be3 Bxe3 18. Rxe3 Rae8 19. Rxe8 Rxe8 20. Bf5 Qc5
21. Qc2 Ne4 22. Re1 Qc4 23. Bxe4 dxe4 24. Ng5 Nd4 25. Rxe4 Rxe4 26. Qxe4 Ne2+
27. Kh1 Qxe4 28. Nxe4 Kf7 29. g3 Ke7 30. Kg2 b6 31. Kf3 Nc1 32. a3 h6 33. Ke3
Ke6 34. c4 Nb3 35. f4 Na5 36. Kd3 Nb3 37. h3 Kf5 38. Nd6+ Ke6 39. Ne4 Kf5 40.
Nc3 Ke6 41. g4 Kd6 42. Ne4+ Ke6 43. Kc3 Na5 44. Nd2 Nc6 45. Nf3 Ne7 46. Nd4+
Kd6 47. Kb4 Kd7 48. Ka4 Ng6 49. f5 Nf4 50. Ne6 Nxh3 51. c5 bxc5 52. Nxc5+ Kc6
53. Ne6 Nf2 54. Nxg7 Nxg4 55. Nh5 Ne5 56. f6 Kb6 1/2-1/2

[Event "4NCL Division 3n"]
[Site "Palace Hotel, Buxton ENG"]
[Date "2015.02.14"]
[Round "5.190"]
[White "Antal, Laszlo"]
[Black "Jennings, Roger"]
[Result "1/2-1/2"]
[WhiteElo "2156"]
[BlackElo "2094"]
[PlyCount "35"]
[EventDate "2015.02.14"]
[WhiteTeam "Manchester Manticores 2"]
[BlackTeam "Bradford DCA Knights A"]

1. e4 g6 2. d4 Bg7 3. Nc3 d6 4. Be3 Nf6 5. f3 c6 6. Qd2 Qa5 7. Nge2 Nbd7 8. Bh6
Bxh6 9. Qxh6 b5 10. Nc1 Qb6 11. Qd2 O-O 12. a4 b4 13. N3a2 a5 14. Be2 c5 15. d5
Ne5 16. Nd3 Nc4 17. Qg5 Ba6 18. Nac1 1/2-1/2

[Event "4NCL Division 3n"]
[Site "Palace Hotel, Buxton ENG"]
[Date "2015.02.14"]
[Round "5.193"]
[White "Bak, Andrew"]
[Black "Mulleady, Peter.J"]
[Result "1/2-1/2"]
[WhiteElo "2048"]
[BlackElo "1912"]
[PlyCount "74"]
[EventDate "2015.02.14"]
[WhiteTeam "Bradford DCA Knights A"]
[BlackTeam "Manchester Manticores 2"]

1. e4 d5 2. exd5 Nf6 3. d4 Bg4 4. Be2 Bxe2 5. Qxe2 Qxd5 6. Nf3 e6 7. O-O Nc6 8.
c3 Bd6 9. b4 Qh5 10. Re1 O-O 11. b5 Ne7 12. c4 Nf5 13. Bb2 c5 14. bxc6 bxc6 15.
Ne5 Qxe2 16. Rxe2 c5 17. dxc5 Bxc5 18. Ba3 Rfd8 19. g4 Rd1+ 20. Kg2 Bxa3 21.
gxf5 exf5 22. Rd2 Rxd2 23. Nxd2 Bb2 24. Re1 Bc3 25. Nef3 Ne4 26. Re2 Nxd2 27.
Nxd2 Kf8 28. Nb3 Rc8 29. c5 Bb4 30. Kf3 g6 31. Re5 Rc6 32. Rd5 Ke7 33. Ke3 Ra6
34. Nd4 Bc3 35. Nb5 Bb4 36. Nd4 Bc3 37. Nb5 Bb4 1/2-1/2

[Event "4NCL Division 3n"]
[Site "Palace Hotel, Buxton ENG"]
[Date "2015.02.14"]
[Round "5.196"]
[White "Taylor, Robert.K"]
[Black "Gardiner, Eric"]
[Result "1/2-1/2"]
[WhiteElo "1961"]
[BlackElo "2009"]
[PlyCount "73"]
[EventDate "2015.02.14"]
[WhiteTeam "Manchester Manticores 2"]
[BlackTeam "Bradford DCA Knights A"]

1. e4 e6 2. d4 d5 3. Nc3 Nc6 4. Nf3 Nf6 5. Bd3 dxe4 6. Nxe4 Nb4 7. O-O Nxd3 8.
Qxd3 Be7 9. Nxf6+ Bxf6 10. Bf4 O-O 11. Qc3 c6 12. Ne5 Bd7 13. Rfd1 Be7 14. Rd3
f6 15. Nxd7 Qxd7 16. Qb3 Rfe8 17. Re1 Bf8 18. h3 Rad8 19. Rde3 Kf7 20. c3 c5
21. R3e2 cxd4 22. cxd4 Qd5 23. Qc2 Kg8 24. a3 Rc8 25. Qa4 a6 26. Bc7 b5 27. Qa5
Qb7 28. Bf4 Kf7 29. Kh2 g6 30. Bg3 b4 31. f3 Qb5 32. Qxb5 axb5 33. axb4 Bxb4
34. Ra1 Ra8 35. Rxa8 Rxa8 36. Rc2 Ra7 37. Rc6 1/2-1/2